000 01003mam a22002771 4500
001 1523214
005 20150421175442.0
008 741203s1914 ilua b 000 0 eng d
010 _aa 15002345
035 _a(OCoLC)ocm01096988
035 _a(NNC)1523214
040 _aCSU
_cCSU
_dOCL
_dNNC
041 1 _aeng
_hger
050 _aQP435.M13
100 1 _aMach, Ernst,
_d1838-1916.
_917310
240 1 0 _lEnglish
245 1 4 _aThe analysis of sensations, and the relation of the physical to the psychical,
_cby Dr. Ernst Mach ... translated from the 1st German edition by C.M. Williams; revised and supplemented from the 5th German edition by Sydney Waterlow.
260 _aNew York
_aDover
_c1959
300 _axv, 380 p.
_billus., diagrs.
_c20 cm.
504 _aIncludes bibliography.
650 0 _aSenses and sensation.
_917418
700 1 _aWilliams, C. M.
_q(Cora May),
_etranslator.
_917419
700 1 _aWaterlow, Sydney,
_etranslator.
_917420
942 _2lcc
_cMONOGRAPH
999 _c122731
_d122731